Piloti Vincitori dei Gran Premi di Formula 1 2009 - Statistics

Statistiche generali
  • Questo quiz è stato fatto 28 volte
  • Il punteggio medio è 15 su 17
Statistiche sulle risposte
Gran Premio Vincitore % Corretto
Gran Premio di Cina Sebastian Vettel
100%
Gran Premio di Gran Bretagna Sebastian Vettel
100%
Gran Premio del Giappone Sebastian Vettel
100%
Gran Premio di Abu Dhabi Sebastian Vettel
100%
Gran Premio d'Ungheria Lewis Hamilton
96%
Gran Premio di Singapore Lewis Hamilton
96%
Gran Premio di Australia Jenson Button
93%
Gran Premio della Malesia Jenson Button
93%
Gran Premio del Bahrein Jenson Button
93%
Gran Premio di Spagna Jenson Button
93%
Gran Premio di Monaco Jenson Button
93%
Gran Premio di Turchia Jenson Button
93%
Gran Premio del Belgio Kimi Räikkönen
85%
Gran Premio di Germania Mark Webber
67%
Gran Premio del Brasile Mark Webber
67%
Gran Premio d'Europa Rubens Barrichello
67%
Gran Premio d'Italia Rubens Barrichello
67%
Nessun quiz corrispondente trovato
Distribuzione punteggi
Percentuale di utenti per punteggio
Percentile per numero di risposta
I tuoi punteggi nel tempo
Non hai fatto questo quiz